| 000 | 00615aas a2200169 4500 | ||
|---|---|---|---|
| 999 |
_c50507 _d50507 |
||
| 001 | 768714001 | ||
| 003 | CO-MdFUSB | ||
| 005 | 20170923103127.0 | ||
| 008 | 170912s1994 cr ||||| |||| 00| 0 spa d | ||
| 040 |
_aCO-MdFUSB _bspa _cCO-MdFUSB _dCO-MdFUSB |
||
| 041 | _aspa | ||
| 100 | 1 |
_aZelaya, Hugo M. _eautor |
|
| 245 | 1 | 0 |
_aLa tentación de Jesús : _b ¿qué importancia le da usted realmente a lo que Dios dice? _c/ Zelaya, Hugo M. |
| 300 |
_aVolumen 3. Número 5 (1994), páginas 69-72 _c: 28 cm. |
||
| 773 | 0 |
_tConquista Cristiana _049446 _960317 _gVolumen 3. Número 5 (1994), páginas 69-72 _qPágina 69. |
|
| 942 | _cANA | ||